000 00514nam a2200193Ia 4500
005 20250508161710.0
008 008 250505s9999 xx 000 0 eng d
037 _aTextual
040 _aFEDL
_beng
_cFEDL
041 _aeng
_2eng
084 _a641.71, SUL
_qFEDL
100 _aSultan William J
_9771308
245 0 _aPractical baking
250 _a2nd
260 _aWestport
_bThe AVI Publishing Company
_c1969
300 _a492p.
942 _cTEXL
_h641.71, SUL
999 _c1371615
_d1371615